[Event "CZE-chT2C 1213"]
[Site "Czech Republic"]
[Date "2013.02.03"]
[Round "8.7"]
[White "Cmiko, Jakub"]
[Black "Linhart, Jan"]
[Result "1-0"]
[WhiteElo "2027"]
[BlackElo "1998"]
[PlyCount "37"]
[EventDate "2012.10.14"]
[EventType "team-tourn"]
[EventRounds "11"]
[EventCountry "CZE"]
[SourceTitle "EXT 2015"]
[Source "ChessBase"]
[SourceDate "2014.11.20"]
[SourceVersion "1"]
[SourceVersionDate "2014.11.20"]
[SourceQuality "1"]
[WhiteTeam "Praha Oaza"]
[BlackTeam "Kutna Hora"]
[WhiteTeamCountry "CZE"]
[BlackTeamCountry "CZE"]

1. e4 c5 2. Nf3 e6 3. d4 cxd4 4. Nxd4 a6 5. Bd3 Qc7 6. 0-0 Be7 7. Nc3 Nf6 8. Be3 0-0 9. a4 Nc6 10. Nb3 Na5 11. e5 Qxe5 12. Bd4 Qc7 13. Bxf6 gxf6 14. Qh5 f5 15. Nd5 exd5 16. Qxf5 Kg7 17. Qxh7+ Kf6 18. Qh6+ Ke5 19. Rfe1# 1-0

[Event "CZE-chT2C 1011"]
[Site "Czech Republic"]
[Date "2010.10.17"]
[Round "1.6"]
[White "Linhart, Jan"]
[Black "Novotny, Jaroslav"]
[Result "1/2-1/2"]
[WhiteElo "1967"]
[BlackElo "2214"]
[PlyCount "90"]
[EventDate "2010.10.17"]
[EventType "team-tourn"]
[EventRounds "11"]
[EventCountry "CZE"]
[SourceTitle "EXT 2012"]
[Source "ChessBase"]
[SourceDate "2011.11.24"]
[SourceVersion "1"]
[SourceVersionDate "2011.11.24"]
[SourceQuality "1"]
[WhiteTeam "Kutna Hora"]
[BlackTeam "Jicin II"]
[WhiteTeamCountry "CZE"]
[BlackTeamCountry "CZE"]

1. e4 c6 2. d4 d5 3. exd5 cxd5 4. Bd3 Nc6 5. c3 Nf6 6. Bf4 Bg4 7. Qb3 Qc8 8. Nd2 e6 9. Ngf3 Be7 10. 0-0 Bh5 11. Rfe1 0-0 12. h3 a6 13. a4 Nd7 14. Qc2 Bg6 15. Bxg6 hxg6 16. Qd3 Qd8 17. Qe3 Re8 18. g3 Rc8 19. h4 Bf6 20. Ne5 Ndxe5 21. dxe5 d4 22. cxd4 Be7 23. Ne4 Nb4 24. Bg5 Nc2 25. Qf3 Nxa1 26. Rxa1 Qxd4 27. Rd1 Qxe5 28. Rd7 f5 29. Bxe7 fxe4 30. Qb3 Rc7 31. Bd6 Rc1+ 32. Kg2 Qd5 33. Qxb7 e3+ 34. Qxd5 exd5 35. fxe3 Rxe3 36. Bf4 Rc2+ 37. Kh3 Re4 38. Rxd5 Rxa4 39. Be5 Re4 40. Bc3 Rce2 41. Rd6 Re6 42. Rd7 Re7 43. Rd6 R2e6 44. Rd5 Rb7 45. Kg4 Kf7 1/2-1/2

[Event "CZE-chT rap"]
[Site "Pardubice"]
[Date "2010.07.16"]
[Round "2.4"]
[White "Linhart, Jan"]
[Black "Prokopchuk, Evgeny"]
[Result "0-1"]
[WhiteElo "1969"]
[BlackElo "2511"]
[PlyCount "52"]
[EventDate "2010.07.15"]
[EventType "team-swiss"]
[EventRounds "7"]
[EventCountry "CZE"]
[SourceTitle "CBM 137 Extra"]
[Source "ChessBase"]
[SourceDate "2010.09.01"]
[SourceVersion "1"]
[SourceVersionDate "2010.09.01"]
[SourceQuality "1"]

1. e4 c5 2. Nf3 d6 3. d4 cxd4 4. Nxd4 Nf6 5. Nc3 Nc6 6. g3 Bg4 7. Be2 Bxe2 8. Ndxe2 g6 9. 0-0 Bg7 10. f3 Ne5 11. b3 Qb6+ 12. Kg2 0-0 13. Na4 Qa6 14. c4 b5 15. cxb5 Qxb5 16. Be3 Rfc8 17. Nd4 Qb7 18. Qd2 d5 19. Bf4 Nxf3 20. Kxf3 Nxe4 21. Qd3 e5 22. Be3 exd4 23. Bxd4 Bxd4 24. Qxd4 Rc2 25. Rfc1 Ng5+ 26. Ke3 Qe7+ 0-1